| 000 | 00993nas a2200313 4500 | ||
|---|---|---|---|
| 001 | BR0201769 | ||
| 003 | BR-BrBNA | ||
| 005 | 20231205102838.0 | ||
| 007 | ta | ||
| 008 | 230509b bl.|||p| |||| 00| 00por d | ||
| 040 |
_aBR-BrBNA _bpor _cBiblioteca Nacional de Agricultura |
||
| 041 | _a(Pt) | ||
| 072 | _aH10; H20 | ||
| 100 | 1 | _aPaiva, P.E.B. | |
| 100 | 1 | _aBenvenga, S.R. | |
| 100 | 1 | _aGravena, S. | |
| 245 | 1 | _aAspectos Biológicos das cigarrinhas Acrogonia gracilis (Osborn), Dilobopterus costalimai Young e Oncometopia facialis (Signoret)(Hemiptera: Cicadellidae)em citrus sinensis L. Osbeck | |
| 650 | _aPraga de Planta | ||
| 650 | _aDoença de Planta | ||
| 650 | _aCigarrinha | ||
| 650 | _aLaranja | ||
| 650 | _aBacteria | ||
| 650 | _aVetor | ||
| 650 | _aClorose | ||
| 650 | _aCitricultura | ||
| 773 | 0 |
_tNeotropical Entomology (Brazil) _xISSN 0301-8059 _g(Mar 2001), v. 30(1) p. 25-28 _wBR0201769 |
|
| 909 |
_a202311 _bLúcia _c55 _dLúcia Elande |
||
| 942 |
_2AGRIS _n0 _cANA |
||
| 999 |
_c169664 _d169664 |
||